000 01265pab a2200157 454500
008 180718b2002 xxu||||| |||| 00| 0 eng d
100 _aSingh, Manjiree Manolkar
245 _aParticipative governance
260 _c2002
300 _ap.45-48.
362 _aJan-Mar
520 _aThis article is an ideal example of the possible enhancement that the government can achieve with the participation of people in the efficient delivery of public services. `Participative Governance' as the article is aptly named, deals with one such success story, wherein a group of volunteers set up a `Free Information Centre' for citizens at the Pune Tahsil Office for providing information on the preparation of several important documents such as Caste and Age Certificates, Annual Income Certificate, Solvency Certificate, Affidavits, etc. This effort thus did away with the abusive system of agents and brokers and brought about transparency in the functioning of the government. The author, Dr. Manjiree Manolkar Singh, Registrar, YASHADA, was the officer who initiated and ran this project with grit and enthusiasm. According to her, Information is the Key to Good Governance. - Reproduced.
650 _aPublic administration
773 _aAshwattha
909 _a53769
999 _c53769
_d53769